000 00972cam a22002054a 4500
005 20250605163939.0
008 250528s ||||||||||||||||||||||||d
035 _a14955
020 _a712128050
040 _aGR-AtMCL
_bgre
_dGR-AtMCL
_eAACR2
245 1 _aMicrocomputing / Second Edition
250 _a2nd
260 _bMacdonald And Evans Ltd,
_c1984
300 _a210
520 _aThis book highlights the tremendous impact of microcomputers on our daily lives, whether in the home, office or classroom. Acknowledgements, Computer Literacy, Elements of a Microcomputer, Operating a Microcomputer, Concepts of Programming for Microcomputing, Programming Microcomputers, Arithmetic by Microcomputer, Demonstration Programs, More Advanced Programs of an Accounting Nature, Computer Graphics, Local Area Networks and Electronic Desktop Display Systems, Appendixes, Index.
700 1 _aAnderson G. R.
_9769
942 _cBK
999 _c564
_d564